ბათუმის შოთა რუსთაველის სახელმწიფო უნივერსიტეტის ბიბლიოთეკა

ბელორუსული მოთხრობები (ბიბ.ჩანაწერი № 42502)

000 -LEADER
fixed length control field 00705nam a2200205Ia 4500
001 - CONTROL NUMBER
control field 9199
003 - CONTROL NUMBER IDENTIFIER
control field GE_BSU
008 - FIXED-LENGTH DATA ELEMENTS--GENERAL INFORMATION
fixed length control field 181216s||||||||xx |||||||||||||| ||und||
040 ## - CATALOGING SOURCE
Transcribing agency GE_BSU
080 ## - UNIVERSAL DECIMAL CLASSIFICATION NUMBER
Universal Decimal Classification number 821.353.1–32
100 ## - MAIN ENTRY--PERSONAL NAME
Personal name ლორთქიფანიძე,კონსტანტინე
245 ## - TITLE STATEMENT
Title ბელორუსული მოთხრობები
245 ## - TITLE STATEMENT
Statement of responsibility, etc. რედ.ვ.კიკნაძე;მხატვ.ს.კეცხოველი
260 ## - PUBLICATION, DISTRIBUTION, ETC.
Place of publication, distribution, etc. თბილისი
260 ## - PUBLICATION, DISTRIBUTION, ETC.
Name of publisher, distributor, etc. ფედერაცია
260 ## - PUBLICATION, DISTRIBUTION, ETC.
Date of publication, distribution, etc. 1940
300 ## - PHYSICAL DESCRIPTION
Extent 82გვ.ილ.22სმ.
653 ## - INDEX TERM--UNCONTROLLED
Uncontrolled term ბელორუსული მოთხრობები
942 ## - ADDED ENTRY ELEMENTS (KOHA)
Koha item type წიგნი
ეგზემპლარები
Withdrawn status Lost status Damaged status Not for loan Date acquired Barcode Date last seen Price effective from Koha item type Public note
        2018-12-17 32001 2018-12-17 2018-12-17 წიგნი  
        2018-12-17 32002 2018-12-17 2018-12-17 წიგნი  
        2018-12-17 32003 2018-12-17 2018-12-17 წიგნი  
        2018-12-17 32004 2018-12-17 2018-12-17 წიგნი  
        2018-12-17 32005 2018-12-17 2018-12-17 წიგნი  
        2018-12-17 32078 2018-12-17 2018-12-17 წიგნი  
        2018-12-17 22303 2018-12-17 2018-12-17 წიგნი აგრარული ტექ.ფაკ.